[Event "Kemerovo op"]
[Site "Kemerovo"]
[Date "2009.10.20"]
[Round "6"]
[White "Burmakin, Evgeniy"]
[Black "Noskov, Dmitriy"]
[Result "0-1"]
[WhiteElo "2227"]
[BlackElo "1961"]
[PlyCount "74"]
[EventDate "2009.10.16"]
[EventType "swiss"]
[EventRounds "9"]
[EventCountry "RUS"]
[SourceTitle "EXT 2010"]
[Source "ChessBase"]
[SourceDate "2010.11.25"]
[SourceVersion "1"]
[SourceVersionDate "2010.11.25"]
[SourceQuality "1"]

1. e4 e6 2. Nc3 d5 3. Nf3 Nf6 4. e5 Nfd7 5. d4 c5 6. Bb5 Nc6 7. 0-0 cxd4 8. Nxd4 Nxd4 9. Qxd4 a6 10. Bxd7+ Bxd7 11. Bf4 Rc8 12. Bg3 b5 13. a3 a5 14. Qd3 Qb6 15. Ne2 h5 16. Bf4 Be7 17. Qg3 Rg8 18. c3 g5 19. Be3 Qb8 20. h4 Rc4 21. Nd4 b4 22. axb4 axb4 23. Bxg5 Bxg5 24. hxg5 h4 25. Qe3 bxc3 26. bxc3 Ke7 27. Qf4 Rxc3 28. Qf6+ Kf8 29. Nf5 exf5 30. e6 Bxe6 31. Qxc3 Rxg5 32. Qc6 h3 33. Rfb1 Rxg2+ 34. Kf1 Qf4 35. Ra8+ Kg7 36. Rb2 Rg1+ 37. Kxg1 Qg4+ 0-1

[Event "Kemerovo op"]
[Site "Kemerovo"]
[Date "2009.10.18"]
[Round "3"]
[White "Noskov, Dmitriy"]
[Black "Ushacov, Vladimir"]
[Result "0-1"]
[WhiteElo "1961"]
[BlackElo "2135"]
[PlyCount "84"]
[EventDate "2009.10.16"]
[EventType "swiss"]
[EventRounds "9"]
[EventCountry "RUS"]
[SourceTitle "EXT 2010"]
[Source "ChessBase"]
[SourceDate "2010.11.25"]
[SourceVersion "1"]
[SourceVersionDate "2010.11.25"]
[SourceQuality "1"]

1. d4 Nf6 2. c4 g6 3. Nc3 Bg7 4. e4 d6 5. Nf3 0-0 6. Be2 e5 7. Be3 Ng4 8. Bg5 f6 9. Bh4 c6 10. dxe5 dxe5 11. 0-0 Qe7 12. Nd2 Nh6 13. f3 Na6 14. a3 Rd8 15. b4 Nf7 16. Bf2 Bh6 17. Ra2 Ng5 18. c5 Be6 19. Rb2 Nc7 20. Qc2 Rxd2 21. Qxd2 Nh3+ 22. gxh3 Bxd2 23. Rxd2 f5 24. h4 Rd8 25. Bd3 Kh8 26. Rfd1 Bb3 27. Rb1 Bc2 28. Rxc2 Rxd3 29. Kg2 Qf7 30. Bg3 f4 31. Bf2 Qc4 32. Rbc1 Qb3 33. Be1 Ne6 34. Rf2 Qxa3 35. Rcc2 a6 36. Ra2 Qb3 37. Rab2 Qc4 38. Na4 Nd4 39. Nb6 Qc1 40. b5 Nxf3 41. Rxf3 Qxb2+ 42. Rf2 Qxb5 0-1